书目信息 |
| 题名: |
衣冠楚楚
|
|
| 作者: | ;时尚杂志社 主编 | |
| 分册: | ||
| 出版信息: | 北京 北京出版社 2003.07 |
|
| 页数: | 167页 | |
| 开本: | 21cm | |
| 丛书名: | ||
| 单 册: | ||
| 中图分类: | TS941.718 | |
| 科图分类: | ||
| 主题词: | 男服--nan fu--服饰美学 | |
| 电子资源: | ||
| ISBN: | 7-200-04995-6 | |
| 000 | 00960nam0 2200253 450 | |
| 001 | 012008256296 | |
| 005 | 20080424094840.81 | |
| 010 | @a7-200-04995-6@dCNY23.80 | |
| 100 | @a20080424d2003 km y0chiy0120 ea | |
| 101 | 0 | @achi |
| 102 | @aCN@b110000 | |
| 105 | @aa z 000yy | |
| 106 | @ar | |
| 200 | 1 | @a衣冠楚楚@Ayi guan chu chu@d= Dressing the Man@e男士完全着装手册@f《时尚》杂志社主编@F《shi shang》za zhi she zhu bian@zeng |
| 210 | @a北京@c北京出版社@d2003.07 | |
| 215 | @a167页@c图 (部分彩图)@d21cm | |
| 330 | @a本书从男士着装规则入手,内容涉及中西式礼服、户外运动着装、内衣、箱包及男鞋等实用单品的选购要点和搭配,诸多实用的细节和万用定理娓娓道来。 | |
| 510 | 1 | @aDressing the Man@zeng |
| 517 | 1 | @a男士完全着装手册@Anan shi wan quan zhe zhuang shou ce |
| 606 | 0 | @a男服@Anan fu@x服饰美学 |
| 690 | @aTS941.718@v4 | |
| 711 | 02 | @a时尚杂志社@Ashi shang za zhi she@4主编 |
| 801 | 0 | @aCN@bQSSK@c20080424 |
| 905 | @b20701395-97@dTS941.718@eS561@f3 | |
| 衣冠楚楚= Dressing the Man:男士完全着装手册/《时尚》杂志社主编.-北京:北京出版社,2003.07 |
| 167页:图 (部分彩图);21cm |
| ISBN 7-200-04995-6:CNY23.80 |
| 本书从男士着装规则入手,内容涉及中西式礼服、户外运动着装、内衣、箱包及男鞋等实用单品的选购要点和搭配,诸多实用的细节和万用定理娓娓道来。 |
| ● |
| 相关链接 |
|
|
|
正题名:衣冠楚楚
索取号:TS941.718/S561
 
预约/预借
| 序号 | 登录号 | 条形码 | 馆藏地/架位号 | 状态 | 备注 |
| 1 | 701395 | 207013952 | 自科库501/504自科库 41排3列4层/ [索取号:TS941.718/S561] | 在馆 | |
| 2 | 701396 | 207013961 | 自科库501/501自科库 74排2列4层/ [索取号:TS941.718/S561] | 在馆 | |
| 3 | 701397 | 207013970 | 自科库501/501自科库 74排2列4层/ [索取号:TS941.718/S561] | 在馆 |